Klíč k lepší existenci [pro ty, kdož věří především v sebe] /

Hlavní autor: Sedláček, František
Jazyk: Čeština
Vydáno: Praha : Tiskařské a nakladatelské družstvo československého obchodnictva, 1948
Externí odkaz: Digitalizovaný dokument
Fyzický popis: 256, [IV] stran ; 8°
Knihy
Uloženo v:
LEADER 01290nam a22003132i 4500
001 001596313
003 CZ BrMZK
005 20170925130740.0
007 ta
008 170925s1948 xr er|||||||||||cze d
015 |a cnb000712109 
035 |a (OCoLC)85430587 
040 |a ABA001  |b cze  |c PNA001  |d ABA001  |e rda 
100 1 |a Sedláček, František  |7 jk01110479  |4 aut 
245 1 0 |a Klíč k lepší existenci [pro ty, kdož věří především v sebe] /  |c František Sedláček ; [Kresby: Jan Ujlaki ; Foto: Josef Hanka ; Jazykově opravil Stanislav Trefný] 
264 1 |a Praha :  |b Tiskařské a nakladatelské družstvo československého obchodnictva,  |c 1948 
300 |a 256, [IV] stran ;  |c 8° 
336 |a text  |b txt  |2 rdacontent 
337 |a bez média  |b n  |2 rdamedia 
338 |a svazek  |b nc  |2 rdacarrier 
500 |a Obálka: Stanislav Kovář 
500 |a Typografická osnova: Oldřich Hlavsa 
500 |a Dostupné též v digitální podobě v aplikaci Kramerius 
856 4 1 |u http://www.digitalniknihovna.cz/mzk/uuid/uuid:f01c06e0-a2ad-11e7-ae0a-005056827e52  |y Digitalizovaný dokument  |x NDK 
910 |a BOA001  |b 2-0220.695 
990 |a BK 
995 |a 01 
991 |b 201709 
996 6 |b 2619190620  |c 2-0220.695  |l MZK  |r Sklad / do 24 hodin  |n 0  |w 001631722  |u 000010  |a 1  |e BOA001  |j MZK50  |s P